| 000 | 00592nam a22002177a 4500 | ||
|---|---|---|---|
| 003 | OSt | ||
| 005 | 20140310183116.0 | ||
| 008 | 130201t xxu||||| |||| 00| 0 eng d | ||
| 020 | _a9715062253 | ||
| 050 |
_aQA276.6 _b.G216 2003 |
||
| 082 |
_aFIL 519.5 _bG16 2003 |
||
| 245 |
_aFundamental concepts and methods in statistics (Part 1) _cGarcia, George A. |
||
| 260 |
_aManila _bU.S.T. Publishing House _c2003 |
||
| 300 |
_a318 p. _c23 cm. |
||
| 521 | _acollege students | ||
| 526 | _c1210L-1700L | ||
| 541 | _j1 | ||
| 541 | _j2 | ||
| 562 | _e2 | ||
| 942 |
_2lcc _cBK _kFIL |
||
| 999 |
_c18899 _d18899 |
||